| Tag |
First Indicator |
Second Indicator |
Subfields |
| LEADER |
00000cam a2200000Ka 4500 |
| 001 |
in00004529521 |
| 005 |
20191205081542.0 |
| 008 |
830913s1982 gw b 000 0 ger |
| 035 |
|
|
|a (OCoLC)ocm09903066
|
| 035 |
|
|
|a (OCoLC)9903066
|
| 035 |
|
|
|z (UtOrBLW)60050
|
| 035 |
|
|
|a 86315
|
| 040 |
|
|
|a AGL
|b eng
|c AGL
|d OCLCQ
|d UtOrBLW
|
| 041 |
0 |
|
|a ger
|b eng
|
| 049 |
|
|
|a TMVM
|
| 070 |
|
|
|a 41.2
|b M9222 [1982 no.72]
|
| 072 |
|
0 |
|a Q121
|
| 072 |
|
0 |
|a Q201
|
| 082 |
0 |
4 |
|a 637.3
|
| 100 |
1 |
|
|a Kohler, Ruth,
|d 1951-
|
| 242 |
0 |
0 |
|a Studies on occurance and formation of volatile nitrosamine in milk and milk products, particularly in soft cheese and yoghurt.
|y eng
|
| 245 |
1 |
0 |
|a Untersuchungen zum Vorkommen und zur Bildung flüchtiger Nitrosamine in Milch und Milchprodukten, speziell in Weichkäse und Joghurt /
|c von Ruth Kohler.
|
| 264 |
|
1 |
|a München :
|b [publisher not identified],
|c 1982.
|
| 300 |
|
|
|a iii, 151 pages ;
|c 21 cm.
|
| 336 |
|
|
|a text
|2 rdacontent
|b txt
|
| 337 |
|
|
|a unmediated
|2 rdamedia
|
| 338 |
|
|
|a volume
|2 rdacarrier
|b nc
|
| 490 |
0 |
|
|a Munich. Universität. Tierärztliche Fakultät. Inaugural-Dissertation ;
|v [1982 no. 72]
|
| 500 |
|
|
|a English summary.
|
| 500 |
|
|
|a Includes vita.
|
| 504 |
|
|
|a Includes bibliographical references (pages 107-151).
|
| 994 |
|
|
|a C0
|b TMV
|
| 999 |
|
|
|a MARS
|
| 999 |
f |
f |
|s 4731fef9-55f6-3b3e-86c9-55a2a594aff2
|i 0342a157-307e-3eab-afd3-f5f5baae15f1
|t 0
|
| 952 |
f |
f |
|p preservation
|a Texas A&M University
|b J.J. Pickle Campus
|c High Density Repository
|d Remote Storage
|t 0
|e German dissertations
|h Other scheme
|i unmediated -- volume
|m 3238902412720
|
| 998 |
f |
f |
|a German dissertations
|t 0
|l Remote Storage
|